Symposium on sociological theory.

Bibliographic Details
Main Author: Gross, Llewellyn
Format: Book
Language:English
Published: Evanston, Ill. : Row, Peterson, [1959]
Subjects:

MARC

Tag First Indicator Second Indicator Subfields
LEADER 00000cam a2200000 4500
001 in00000062474
005 20151007082940.0
008 760421s1959 ilua b 10000 eng
010 |a  59008402  
035 |a (OCoLC)02129662 
035 |9 AAF8636AM 
040 |a DLC  |c CIN  |d TXA  |d UtOrBLW 
049 |a TXAM  |c 1 [414533]  |c 2 [414534]  |c 3 [414535] 
050 0 |a HM24  |b .G75 
082 0 |a 301.082 
090 |a HM24  |b .G75 1959 
092 |a 301  |b G878s 
100 1 |a Gross, Llewellyn. 
245 1 0 |a Symposium on sociological theory. 
264 1 |a Evanston, Ill. :  |b Row, Peterson,  |c [1959] 
300 |a 642 pages :  |b illustrations ;  |c 24 cm. 
336 |a text  |b txt  |2 rdacontent 
337 |a unmediated  |b n  |2 rdamedia 
338 |a volume  |b nc  |2 rdacarrier 
504 |a Includes bibliography. 
650 0 |a Sociology. 
999 |a MARS 
999 f f |s 6cede563-de3b-30ac-99e3-0887c1c20235  |i 60febd9a-2801-3c6e-b87c-80d5d8e8a1a3  |t 0 
952 f f |p ric  |a Texas A&M University  |b Rellis Campus  |c Joint Library Facility  |d Remote Storage  |t 0  |e HM24 .G75 1959  |h Library of Congress classification  |i unmediated -- volume  |m A14800632286 
998 f f |a HM24 .G75 1959  |t 0  |l Remote Storage